|
|
|
|
| LEADER |
00000nam#a22000001ab4500 |
| 001 |
00017081 |
| 003 |
AR-BaUAD |
| 005 |
20230908141044.0 |
| 008 |
940929s1982####ag#||||##||||||||#||spa|d |
| 040 |
|
|
|a AR-BaUAD
|b spa
|c AR-BaUAD
|
| 041 |
|
|
|a spa
|
| 044 |
|
|
|c ar
|2 ISO3166-1
|
| 110 |
2 |
|
|a Instituto Nacional de Tecnología Industrial.
|b Centro de Investigación de los Reglamentos Nacionales de Seguridad para las Obras Civiles (Buenos Aires)
|
| 245 |
1 |
0 |
|a Cargas y sobrecargas gravitatorias para el cálculo de las estructuras de edificios
|
| 260 |
|
|
|a Buenos Aires :
|b INTI,
|c 1982
|
| 300 |
|
|
|a 23 p.
|
| 490 |
|
|
|a Reglamento CIRSOC
|
| 653 |
|
|
|a CONSTRUCCION
|
| 653 |
|
|
|a ESTRUCTURAS
|
| 653 |
|
|
|a CALCULO
|
| 653 |
|
|
|a NORMAS
|
| 653 |
|
|
|a EDIFICIOS
|
| 653 |
|
|
|a CIRSOC 101
|
| 655 |
|
|
|a TEXTO
|
| 852 |
|
|
|c 14-4
|
| 952 |
|
|
|0 0
|1 0
|4 0
|6 144
|7 0
|9 21193
|a AR-BaUAD
|b AR-BaUAD
|d 0000-00-00
|e Compra INTI
|g 38888.00
|i 17081
|l 0
|o 14-4
|p yohbl17081
|r 2023-09-08 14:10:44
|w 2023-09-08
|y BK
|
| 952 |
|
|
|0 0
|1 0
|4 0
|7 0
|9 21194
|a AR-BaUAD
|b AR-BaUAD
|d 0000-00-00
|e sin asentar ni inventariar
|l 0
|p uvkyl
|r 2023-09-08 14:10:44
|w 2023-09-08
|y BK
|
| 990 |
|
|
|a Ej. No1 : 17081 . 15/10/1982 -- Compra INTI -- (38888 pesos).
|b ADM
|
| 990 |
|
|
|a Ej. No2 : 1/11/1983 -- sin asentar ni inventariar (a20 pesos). (a20 australes).
|b ADM
|
| 990 |
|
|
|a CO198
|b TD
|
| 990 |
|
|
|a AAQ00017081
|b CC
|
| 998 |
|
|
|a AAQ
|b Bibun 76
|
| 942 |
|
|
|c BK
|
| 999 |
|
|
|c 8997
|d 8997
|